| 000 | 00814cam a2200253 4500 | ||
|---|---|---|---|
| 001 | 1724920 | ||
| 003 | ARRUPE | ||
| 005 | 20161007114750.0 | ||
| 008 | 690915s1969 nyua b 001 0beng | ||
| 010 | _a 73078989 | ||
| 040 |
_aDLC _cDLC _dDLC |
||
| 050 | 0 | 0 |
_aND497.T8 _bH64 |
| 082 | 0 | 0 | _a759.2 |
| 100 | 1 |
_aHirsh, Diana. _926593 |
|
| 245 | 1 | 4 |
_aThe world of Turner, 1775-1851, _cby Diana Hirsh and the editors of Time-Life Books. |
| 260 |
_aNew York, _bTime-Life Books _c[1969] |
||
| 300 |
_a192 p. _billus. (part col.) _c32 cm. |
||
| 490 | 0 | _aTime-Life library of art | |
| 504 | _aBibliography: p. 187. | ||
| 600 | 1 | 0 |
_aTurner, J. M. W. _q(Joseph Mallord William), _d1775-1851. _926594 |
| 710 | 2 |
_aTime-Life Books. _926560 |
|
| 906 |
_a7 _bcbc _corignew _du _encip _f19 _gy-gencatlg |
||
| 942 |
_2lcc _cMONOGRAPH |
||
| 999 |
_c125465 _d125465 |
||